000
00275nam a2200109Ia 4500
008
221009s9999 xx 000 0 und d
082
_a
615/JOH
100
_a
Johari, Harish
_9
6635
245
0
_a
Ancient Indian Massage
260
_b
Munshiram Manoharlal Publishers
942
_c
BK
999
_c
64794
_d
64794